The Decalogue : I-III /
I. Decálogo uno: Amarás a Dios sobre todas las cosas. Desde la muerte de la madre, padre e hijo han centrado sus vidas en las novedades de la tecnología, por lo que no dudan en consultar con la computadora si el niño puede ir a patinar al lago recién congelado; la respuesta que reciben es positiva....
-д хадгалсан:
| Үндсэн зохиолч: | |
|---|---|
| Бусад зохиолчид: | , , , , , , , , , , |
| Формат: | |
| Хэл сонгох: | польш |
| Хэвлэсэн: |
Varsovia, Polonia : EUA :
Televisión Polaca ; Ebert Company,
c1988-2001
|
| Хэвлэл: | Edición especial |
| Нөхцлүүд: | |
| Шошгууд: |
Шошго байхгүй, Энэхүү баримтыг шошголох эхний хүн болох!
|
MARC
| LEADER | 00000ngm^a2200000^a^4500 | ||
|---|---|---|---|
| 001 | 000450639 | ||
| 005 | 20250521000000.0 | ||
| 009 | 20260310123753.749 | ||
| 022 | |a 1565802748 | ||
| 037 | |a Acervo ITESO - Biblioteca | ||
| 041 | |a POL | ||
| 082 | |a 891. 85 |b KIE V. 1-3 | ||
| 100 | |a Kieslowski, Krzysztof |e (realización) | ||
| 240 | 1 | 1 | |a [Decálogo] |
| 240 | 1 | 5 | |a [The Decalogue] |
| 240 | 1 | 1 | |a [Decálogo uno: Amarás a Dios sobre todas las cosas] |
| 240 | 1 | 1 | |a [Decálogo dos: No jurarás el nombre de Dios en vano] |
| 240 | 1 | 1 | |a [Decálogo tres: Santificarás las fiestas] |
| 245 | 1 | 4 | |a The Decalogue : |b I-III / |c Realización de K. Kieslowski. |
| 246 | 2 | |a Título en México: Decálogo uno: Amarás a Dios sobre todas las cosas [video] | |
| 246 | 2 | |a Título en México: Decálogo dos: No jurarás el nombre de Dios en vano [video] | |
| 246 | 2 | |a Título en México: Decálogo tres: Santificarás las fiestas [video] | |
| 250 | |a Edición especial | ||
| 264 | 4 | |a Varsovia, Polonia : |b Televisión Polaca ; |a EUA : |b Ebert Company, |c c1988-2001 | |
| 264 | 2 | |a Chicago, EUA : |b Facets Video [distribución], |c 2003, c2003 | |
| 300 | |a 1 DVD multirregión (166, 15 min.) : |b color | ||
| 336 | |a imagen móvil bidimensional |b tdi |2 rdacontenido | ||
| 337 | |a video |b v |2 rdamedio | ||
| 338 | |a videodisco |b vd |2 rdasoporte | ||
| 506 | 1 | |a Ejemplar donado, disponible sólo para préstamo externo y uso individual, no autorizado para proyecciones colectivas | |
| 520 | |a I. Decálogo uno: Amarás a Dios sobre todas las cosas. Desde la muerte de la madre, padre e hijo han centrado sus vidas en las novedades de la tecnología, por lo que no dudan en consultar con la computadora si el niño puede ir a patinar al lago recién congelado; la respuesta que reciben es positiva. Sin embargo, el niño muere porque el hielo no resistió su peso. Entonces el padre se rebela en contra la Iglesia. II. Decálogo dos: No jurarás el nombre de Dios en vano. Una mujer interroga al médico de su marido moribundo sobre las posibilidades que tiene éste de sobrevivir. De la respuesta depende que ella continúe con su embarazo, porque el hijo es de otro hombre. III. Decálogo tres: Santificarás las fiestas. En una noche de Navidad, Janusz deja sola a su familia para acompañar a Ewa en búsqueda de su marido. Hasta ese momento, Janusz había creído que su relación con Ewa era un episodio cerrado. | ||
| 546 | |a En polaco, con subtítulos en inglés | ||
| 649 | |a XX | ||
| 650 | |a Enfermos Terminales en el Cine | ||
| 650 | |a Enfermos Terminales en la Televisión | ||
| 650 | |a Dios en el Cine | ||
| 650 | |a Dios - |x Atributos | ||
| 650 | |a Dios - |x Culto y Amor | ||
| 650 | |a Vivienda de Interés Social en el Cine | ||
| 650 | |a Vivienda de Interés Social - |z Polonia | ||
| 650 | |a Miniseries | ||
| 650 | |a Series Dramáticas | ||
| 650 | |a Series de Televisión | ||
| 650 | |a Cortometrajes y Mediometrajes Polacos | ||
| 650 | |a Dramas Cinematográficos | ||
| 650 | |a Cine Social y Político | ||
| 650 | |a Cine por Televisión - |z Polonia | ||
| 650 | |a Cine Polaco - |y 1980-1989 | ||
| 650 | |a Cine Polaco - |y Siglo XX | ||
| 650 | |a Televisión - |z Polonia - |y 1980-1989 | ||
| 650 | |a Televisión - |z Polonia - |y Siglo XX | ||
| 650 | |a Diez Mandamientos - |x Tema Principal | ||
| 650 | |a Navidad | ||
| 650 | |a Fiestas Religiosas (Catolicismo) | ||
| 650 | |a Aborto | ||
| 650 | |a Infidelidad | ||
| 650 | |a Matrimonio | ||
| 650 | |a Relaciones Padres-Hijos | ||
| 650 | |a Relaciones de Pareja | ||
| 650 | |a Paternidad | ||
| 650 | |a Libre Albedrío | ||
| 650 | |a Muerte | ||
| 650 | |a Amor (Teología) | ||
| 650 | |a Existencialismo | ||
| 650 | |a Tecnología y Sociedad | ||
| 650 | |a Etica Cristiana | ||
| 650 | |a Etica Profesional | ||
| 650 | |a Etica | ||
| 650 | |a Metafísica | ||
| 650 | |a Cristianismo | ||
| 650 | |a Religión y Ciencia | ||
| 650 | |a Etica y Religión | ||
| 650 | |a Filosofía y Religión | ||
| 650 | |a Polonia - |x Historia - |y 1980-1989 | ||
| 650 | |a Polonia - |x Historia - |y Siglo XX | ||
| 700 | |a Kieslowski, Krzysztof |e (guión) | ||
| 700 | |a Piesiewicz, Krzysztof |e (guión) | ||
| 700 | |a Zdort, Wiesław |e (fotógrafo) | ||
| 700 | |a Obloza, Malgorzata |e (vestuario) | ||
| 700 | |a Cwiklo, Hanna |e (vestuario) | ||
| 700 | |a Smal, Ewa |e (montaje) | ||
| 700 | |a Preisner, Zbigniew |e (música) | ||
| 700 | |a Baranowski, Henryk |e (actuación) | ||
| 700 | |a Klata, Wojciech |e (actuación) | ||
| 700 | |a Komorowska, Maja |e (actuación) | ||
| 700 | |a Ebert, Roger |e (conducción) | ||
| 740 | 4 | |a The Decalogue : |b One = Dekalog, jeden / |c Realización de K. Kieslowski. | |
| 740 | 4 | |a The Decalogue : |b Two = Dekalog, dwa / |c Realización de K. Kieslowski. | |
| 740 | 4 | |a The Decalogue : |b Three = Dekalog, trzy / |c Realización de K. Kieslowski. | |
| 740 | 0 | |a Ebert and Roeper : |b Roger Ebert on the Decalogue / |c Conducción de R. Ebert. | |
| 910 | |a Fondo General | ||
| 920 | |a Audiovisuales - DVDs | ||
| 940 | |a Películas | ||
| 905 | |a 308 | ||
| 901 | |a 0500382422 |b IT2 |c DVR |i D65619 |u 20250521 | ||
| 902 | |a https://opac.biblio.iteso.mx/vufind/Record/000450639 | ||